Nebezpečné výrobky a ochrana spotrebiteľa
Problematika bezpečnosti výrobkov. Všeobecné požiadavky na bezpečnosť výrobku. Systém bezpečnosti výrobkov Európskej únie. Informačné bezpečnostné systémy členských krajín EÚ. Bezpečnosť elektrospotrebičov a vyhlásenie o zhode. Technické požiadavky na výrobok. Činnosť Národného inšpektorátu práce. V...
Salvato in:
| Autore principale: | |
|---|---|
| Altri autori: | |
| Natura: | Capitolo di libro |
| Lingua: | slovacco |
| Soggetti: | |
| Tags: |
Nessun Tag, puoi essere il primo ad aggiungerne!!
|
MARC
| LEADER | 00000naa$a2200000$$$4500 | ||
|---|---|---|---|
| 001 | 0120300 | ||
| 005 | 20240522075748.5 | ||
| 041 | 0 | |a slo | |
| 044 | |a SK | ||
| 245 | 1 | 0 | |a Nebezpečné výrobky a ochrana spotrebiteľa |c Mária Dzurová, Marína Korčoková |
| 520 | |a Problematika bezpečnosti výrobkov. Všeobecné požiadavky na bezpečnosť výrobku. Systém bezpečnosti výrobkov Európskej únie. Informačné bezpečnostné systémy členských krajín EÚ. Bezpečnosť elektrospotrebičov a vyhlásenie o zhode. Technické požiadavky na výrobok. Činnosť Národného inšpektorátu práce. Vlastný záujem spotrebiteľa získavať potrebné informácie o možných rizikách osobnej bezpečnosti. | ||
| 610 | 2 | 0 | |a výrobky |
| 610 | 2 | 0 | |a bezpečnosť výrobkov |
| 610 | 2 | 0 | |a požiadavky na výrobky |
| 610 | 2 | 0 | |a ochrana zdravia |
| 610 | 2 | 0 | |a ochrana spotrebiteľa |
| 610 | 2 | 0 | |a spotrebitelia |
| 610 | 2 | 0 | |a systémy informačné |
| 610 | 2 | 0 | |a kontrola |
| 610 | 2 | 0 | |a elektrotechnika |
| 610 | 2 | 0 | |a inštitúcie verejnoprávne |
| 610 | 2 | 0 | |a posudzovanie zhody výrobkov |
| 610 | 2 | 0 | |a Európska únia |
| 100 | 1 | |a Dzurová, Mária | |
| 700 | 1 | |a Korčoková, Marína, 1970- | |